000 00469 a2200169 4500
999 _c4121
_d4121
020 _a0409845809
050 0 0 _aKE1264 LIN 1972
100 1 _aLinden, Allen M.
245 1 0 _aCanadian negligence law
_c[by] Allen M. Linden.
264 _aToronto
_bButterworths
_c1972
300 _axv, 575 p.
500 _anegligence law
504 _aIncludes bibliographical references.
650 0 _aNegligence
942 _2lcc
_cBK
_h1264
_iLIN
_kKE